000 00359nam a2200145Ia 4500
005 20251222153610.0
008 251222s9999||||xx |||||||||||||| ||spa||
020 _a8481747106
082 _a616.079.7/A11
100 _aAbbas, Abul K.
245 0 _aInmunologĂ­a Celular y Molecular
250 _a5ta.ed.
264 _bEditorial Elsevier, S.A.
942 _cLIB
999 _c31564
_d31564